书目信息 |
| 题名: |
身边的科学
|
|
| 作者: | 格洛弗 著 | |
| 分册: | ||
| 出版信息: | 南京 江苏科学技术出版社 1999.03 |
|
| 页数: | 29页 | |
| 开本: | 20开 | |
| 丛书名: | ||
| 单 册: | ||
| 中图分类: | TM-49 | |
| 科图分类: | ||
| 主题词: | 电工技术 | |
| 电子资源: | ||
| ISBN: | 7-5345-2785-6 | |
| 000 | 00537nam0 2200193 45 | |
| 001 | 0008071862 | |
| 005 | 20000807180504.0 | |
| 010 | @a7-5345-2785-6@d4.00元 | |
| 100 | @a20000807d1999 km y0chiy0120 ea | |
| 101 | 0 | @achi |
| 105 | @a z 000yy | |
| 200 | 1 | @a身边的科学@AShen Bian De Ke Xue@f(英)格洛弗著@F(Ying)Ge Luo Fu Zhu |
| 210 | @a南京@c江苏科学技术出版社@d1999.03 | |
| 215 | @a29页@d20开 | |
| 606 | 0 | @a电工技术 |
| 690 | @aTM-49@v3 | |
| 701 | 0 | @a格洛弗@4著 |
| 801 | @aCN@bPftUser@c20000807 | |
| 905 | @b93119-128@dTM-49@eG245@f10 | |
| 身边的科学/(英)格洛弗著.-南京:江苏科学技术出版社,1999.03 |
| 29页;20开 |
| ISBN 7-5345-2785-6:4.00元 |
| ● |
| 相关链接 |
|
|
|
正题名:身边的科学
索取号:TM-49/G245
 
预约/预借
| 序号 | 登录号 | 条形码 | 馆藏地/架位号 | 状态 | 备注 |
| 1 | 93119 | 200931199 | 自科库301/ [索取号:TM-49/G245] | 在馆 | |
| 2 | 93120 | 200931206 | 自科库301/ [索取号:TM-49/G245] | 在馆 | |
| 3 | 93121 | 200931215 | 期刊室512/301自科库 2排3列4层/ [索取号:TM-49/G245] | 在馆 | |
| 4 | 93122 | 200931224 | 自科库301/ [索取号:TM-49/G245] | 在馆 | |
| 5 | 93123 | 200931233 | 期刊室512/301自科库 2排3列4层/ [索取号:TM-49/G245] | 在馆 | |
| 6 | 93124 | 200931242 | 自科二线404/404自科库 15排5列6层/ [索取号:TM-49/G245] | 在馆 | |
| 7 | 93125 | 200931251 | 自科库301/ [索取号:TM-49/G245] | 在馆 | |
| 8 | 93126 | 200931260 | 自科二线404/404自科库 15排5列6层/ [索取号:TM-49/G245] | 在馆 | |
| 9 | 93127 | 200931279 | 自科二线404/404自科库 15排5列6层/ [索取号:TM-49/G245] | 在馆 | |
| 10 | 93128 | 200931288 | 自科库301/ [索取号:TM-49/G245] | 在馆 |